Pokémon 2°generazione (Johto) - Statistics

Statistiche generali
  • Questo quiz è stato fatto 429 volte
  • Il punteggio medio è 48 su 100
Statistiche sulle risposte
# Tipo Pokémon % Corretto
158 Acqua Totodile
89%
152 Erba Chikorita
88%
155 Fuoco Cyndaquil
88%
154 Erba Meganium
87%
156 Fuoco Quilava
86%
153 Erba Bayleef
82%
160 Acqua Feraligatr
82%
157 Fuoco Typhlosion
80%
159 Acqua Croconaw
77%
249 Psico/Volante Lugia
77%
250 Fuoco/Volante Ho-Oh
74%
244 Fuoco Entei
70%
245 Acqua Suicune
69%
243 Elettro Raikou
67%
251 Psico/Erba Celebi
66%
162 Normale Furret
65%
161 Normale Sentret
65%
163 Normale/Volante Hoothoot
63%
172 Elettro Pichu
63%
164 Normale/Volante Noctowl
62%
181 Elettro Ampharos
61%
179 Elettro Mareep
61%
248 Roccia/Buio Tyranitar
59%
171 Acqua/Elettro Lanturn
58%
246 Roccia/Terra Larvitar
58%
247 Roccia/Terra Pupitar
58%
169 Veleno/Volante Crobat
57%
239 Elettro Elekid
55%
208 Acciaio/Terra Steelix
55%
197 Buio Umbreon
55%
196 Psico Espeon
54%
180 Elettro Flaaffy
54%
170 Acqua/Elettro Chinchou
53%
240 Fuoco Magby
53%
165 Coleottero/Volante Ledyba
52%
178 Psico/Volante Xatu
52%
214 Coleottero/Lotta Heracross
51%
177 Psico/Volante Natu
51%
167 Coleottero/Veleno Spinarak
51%
229 Buio/Fuoco Houndoom
50%
212 Coleottero/Acciaio Scizor
50%
168 Coleottero/Volante Ariados
49%
166 Coleottero/Volante Ledian
49%
183 Acqua/Folletto Marill
49%
237 Lotta Hitmontop
48%
175 Normale Togepi
48%
176 Normale/Volante Togetic
48%
184 Acqua Azumarill
46%
187 Erba/Volante Hoppip
46%
228 Buio/Fuoco Houndour
46%
230 Acqua/Drago Kingdra
45%
236 Lotta Tyrogue
45%
173 Normale Cleffa
44%
227 Acciaio/Volante Skarmory
44%
241 Normale Miltank
42%
198 Buio/Volante Murkrow
42%
218 Fuoco Slugma
42%
204 Coleottero Pineco
41%
194 Acqua/Terra Wooper
41%
195 Acqua/Terra Quagsire
40%
188 Erba/Volante Skiploom
40%
199 Acqua/Psico Slowking
40%
200 Spettro Misdreavus
39%
221 Ghiaccio/Terra Piloswine
39%
185 Roccia Sudowoodo
39%
182 Erba Bellossom
38%
174 Normale Igglybuff
38%
220 Ghiaccio/Terra Swinub
38%
207 Terra/Volante Gligar
37%
189 Erba/Volante Jumpluff
37%
219 Fuoco/Roccia Magcargo
37%
215 Buio/Ghiaccio Sneasel
37%
205 Coleottero/Acciaio Forretress
36%
192 Erba Sunflora
36%
203 Normale/Psico Girafarig
35%
201 Psico Unown
35%
186 Acqua Politoed
34%
238 Ghiaccio/Psico Smoochum
33%
191 Erba Sunkern
33%
232 Terra Donphan
31%
225 Ghiaccio/Volante Delibird
30%
216 Normale Teddiursa
30%
217 Normale Ursaring
30%
206 Normale Dunsparce
28%
226 Acqua/Volante Mantine
28%
231 Terra Phanpy
28%
190 Normale Aipom
27%
224 Acqua Octillery
27%
211 Acqua/Veleno Qwilfish
27%
193 Coleottero/Volante Yanma
27%
223 Acqua Remoraid
26%
213 Coleottero/Roccia Shuckle
26%
202 Psico Wobbuffet
26%
242 Normale Blissey
25%
222 Acqua/Roccia Corsola
25%
233 Normale Porygon2
25%
210 Normale Granbull
24%
209 Normale Snubbull
24%
234 Normale Stantler
22%
235 Normale Smeargle
21%
Nessun quiz corrispondente trovato
Distribuzione punteggi
Percentuale di utenti per punteggio
Percentile per numero di risposta
I tuoi punteggi nel tempo
Non hai fatto questo quiz